00617nam a2200193Ia 4500008004100000020001500041041000800056082001900064100002300083245006100106260004700167300000800214365001100222650002500233650002300258942001200281999001900293952011100312140306s9999 xx 000 0 und d a817100783X aeng a338.04bJAS/EN aJasmer Singh saini aEntre preneurship development : programmes and practices aNew DelhibDeep and Deep Publicationc1996 a410 bRs.510 aEconomic development aProject management 2ddccBK c180185d180185 00102ddc4070aKAUCBVbKAUCBVd2004-06-02g510.00l0o338.04 JAS/ENr2014-03-22 00:00:00w2014-03-22yBK